Migrantes en prisión : la incriminación de migrantes en México : otro destino trágico /

Informe sobre la situación de los migrantes centroamericanos recluidos en cárceles mexicanas y estudio del caso de uno de ellos, Angel Amílcar Colón Quevedo, quien fue recluido en una prisión federal por acusaciones falsas, según se desprende del texto. Los información propocionada por las instancia...

Celý popis

Uloženo v:
Podrobná bibliografie
Hlavní autor: González Núñez, Denise (coordinación de investigación)
Další autoři: Urbano Reyes, Javier (prólogo) (prólogo)
Médium: Kniha
Jazyk:španělština
Vydáno: México : Centro de Derechos Humanos Miguel Agustín Pro Juárez : Universidad Iberoamericana, Plantel Santa Fe, 2014
Témata:
Tagy: Přidat tag
Žádné tagy, Buďte první, kdo vytvoří štítek k tomuto záznamu!

MARC

LEADER 00000nam^a2200000^a^4500
001 000395727
005 20250521000000.0
009 20260310121411.949
037 |a Acervo ITESO - Biblioteca 
041 |a ESP 
082 |a 304. 80972  |b GON 
100 |a González Núñez, Denise  |e (coordinación de investigación) 
245 1 0 |a Migrantes en prisión :  |b la incriminación de migrantes en México : otro destino trágico /  |c Coord. de investigación de D. González Núñez ; pról. de J. Urbano Reyes. 
264 1 |a México :  |b Centro de Derechos Humanos Miguel Agustín Pro Juárez :  |b Universidad Iberoamericana, Plantel Santa Fe,  |c 2014 
300 |a 116 p. 
336 |a texto  |b txt  |2 rdacontenido 
337 |a sin mediación  |b n  |2 rdamedio 
338 |a volumen  |b nc  |2 rdasoporte 
520 |a Informe sobre la situación de los migrantes centroamericanos recluidos en cárceles mexicanas y estudio del caso de uno de ellos, Angel Amílcar Colón Quevedo, quien fue recluido en una prisión federal por acusaciones falsas, según se desprende del texto. Los información propocionada por las instancias de gobierno sobre esta condición de los migrantes corresponden al 2013 y enero de 2014. 
649 |a XX 
650 |a Migrantes Centroamericanos -  |z México -  |x Condiciones Jurídicas -  |x Tema Principal 
650 |a Presos -  |z México -  |x Condiciones Jurídicas 
650 |a Cárceles y Centros de Readaptación Social -  |z México 
650 |a Migración -  |z México 
650 |a Justicia -  |x Administración -  |z México -  |x Tema Principal 
650 |a Detención de Personas -  |z México 
650 |a Acusaciones -  |z México 
650 |a Abuso de Poder -  |z México 
650 |a Derecho Penal -  |z México 
650 |a Derechos Civiles -  |z México 
650 |a Derechos Humanos -  |z México 
650 |a Política Migratoria -  |z México -  |x Historia -  |y 2012-2018 
650 |a Política Migratoria -  |z México -  |x Historia -  |y Siglo XX 
650 |a Sociología 
650 |a Colón Quevedo, Angel Amílcar 
700 |a Urbano Reyes, Javier  |e (prólogo) 
910 |a Fondo General 
920 |a Impresos - Libros 
930 |a Colección General 
905 |a 101 
901 |a 0500291013  |b IT1  |c ACC  |i D96503  |u 20250521 
902 |a https://opac.biblio.iteso.mx/vufind/Record/000395727